书目信息 |
| 题名: |
欧阳海
|
|
| 作者: | 周林科 , 陈绪生 编 | |
| 分册: | ||
| 出版信息: | 兰州 甘肃人民出版社 1991 |
|
| 页数: | 278页 | |
| 开本: | 20cm | |
| 丛书名: | ||
| 单 册: | ||
| 中图分类: | E221 , K828 | |
| 科图分类: | ||
| 主题词: | 人物--传记--中国 | |
| 电子资源: | ||
| ISBN: | 7-226-00784-3 | |
| 000 | 00700nam0 2200253 450 | |
| 001 | 1533022926 | |
| 005 | 20150120091047.42 | |
| 010 | @a7-226-00784-3@dCNY4.75 | |
| 100 | @a20130329d1991 em y0chiy0110 ea | |
| 101 | 0 | @achi |
| 102 | @aCN@b620000 | |
| 105 | @af z 010yd | |
| 200 | 1 | @a欧阳海@9ou yang hai@f周林科,陈绪生编 |
| 210 | @a兰州@c甘肃人民出版社@d1991 | |
| 215 | @a278页@c照片@d20cm | |
| 600 | 0 | @a欧阳海@f(1940-1963)@x纪念文集 |
| 600 | 0 | @a欧阳海@f(1940-1963) |
| 606 | 0 | @a人物@x传记@x中国 |
| 690 | @aE221@v5 | |
| 690 | @aK828@v4 | |
| 701 | 0 | @a周林科@9zhou lin ke@4编 |
| 701 | 0 | @a陈绪生@9chen xu sheng@f(1946~)@4编 |
| 801 | 0 | @aCN@bTSSF@c20150120 |
| 905 | @aZUCC@dK828@eJY1 | |
| 欧阳海/周林科,陈绪生编.-兰州:甘肃人民出版社,1991 |
| 278页:照片;20cm |
| ISBN 7-226-00784-3:CNY4.75 |
| ● |
| 相关链接 |
|
|
|
|
正题名:欧阳海
索取号:K828/JY1
 
预约/预借
| 序号 | 登录号 | 条形码 | 馆藏地/架位号 | 状态 | 备注 |
| 1 | 7850794 | 278507947 | 学院路分馆/ [索取号:K828/JY1] | 在馆 |